01543cam a2200313Ia 4500001001300000005001700013008004100030020001500071020001800086035002000104040004400124041000800168245009400176260004100270300006600311500002100377500004300398520042200441650005200863650005200915650003200967650004000999650003801039700002701077700002401104700003401128700002801162700003901190ocm77566843 20161213153257.0161202s2006 sp ao fri 001 0 spa d a8484432262 a9788484432265 a(OCoLC)77566843 aCo-BoUCMbspacSaul NiñodSaul Niño0 aspa03aEl ventiladorbcurso de español de nivel superiorcMaria Dolores Chamorro... [y otros.] aBarcelona (España)bDifusionc2006 a224 páginasbilustraciones, fotografíase1 CD-ROM + 1 DVD aIncluye índice aMarco común europeo de referencia C1 aComprehensive advanced Spanish course textbook with a variety of language models to fully explore the real language. Has 33 units and audio (74 min.), and the topics are divided into 6 themes: Saber hablar, saber hacer, saber cultura, saber entender, saber palabras, saber gramática. DVD contains video clips of advertising, interviews and presentations. With downloaded answers for all exercises, plus transcripts. 0aLengua españolaxGramáticavLibros de texto 0aLengua españolaxEnseñanzavLibros de texto 7aEspañol xPronunciación 7aEspañol xEstudiantes extranjeros 7aEspañol vEstudios y ejercicios1 aLozano López, Gracia1 aRios Rojas, Aurelio1 aCampillo Ruiz, José Placido1 aRuiz Fajardo, Guadalupe1 aMaría Dolores, Chamorro Guerrero